000 01342nam a22002777a 4500
001 EPSA 0308
003 gtcocun
005 20250902192658.0
006 a||||gr|||| 00| 0
007 ta
008 250902b2025 gt ||||| m||| 00| 0 eng d
040 _agtcocun
_bSPA
_cgtcocun
_eRDA
041 _aSPA EPSA 0308
084 _0EPSA 0308
100 _aTot Velásquez, Ruth Ingrid Nohemi
_eAutor
245 _aINFORME FINAL DEL EJERCICIO PROFESIONAL SUPERVISADO REALIZADO EN INVERSIONES 349
_cRuth Ingrid Nohemi Tot Velásquez
_hImpreso
264 _aCobán, Alta Verapaz:
_bUniversidad de San Carlos de Guatemala, Centro Universitario del Norte, Licenciatura en Administración
_c2025
300 _a66 p.:
_bIlustraciones, gráficas.
_c28 cm;
502 _eEPSA 0308
502 _aEjercicio Profesional Supervisado
_bLicenciatura en Administración de Empresas,
_cUniversidad de San Carlos de Guatemala, Centro Universitario del Norte, Licenciatura en Administración de Empresas
_d2025
_oEPSA 0308
650 _2LEMB
_aCobán, Alta Verapaz
_xAdministración
_xServicio
_xDiagnóstico
_xProblemas
_xPlan de acción
_xPropuestas
700 _aLcda. Jessica Marbella Yalibat López
_eAsesor
856 _uSin archivo en línea
_zSin archivo en línea.
942 _2ddc
_cTES
_iEPSA 0308
_kClasificación
_n0
_6EPSA_0308_000000000000000
999 _c1610
_d1610